00265nam a2200097Ia 4500001000800000005001700008008004100025020001800066245006400084260001900148127594220260417160437.0260417s9999 xx 000 0 und d a9786256495166 0aNene Hatun ve Köyün Sivil OrdusucBüşra Şen Altun bKetebe Çocuk